Cancionero Violeta Parra: Virtud de los elementos
Gespeichert in:
| Format: | Buch |
|---|---|
| Sprache: | Spanisch |
| Veröffentlicht: |
Santiago
Fundación Violeta Parra
2005
|
| Ausgabe: | 2a. ed |
| Schlagworte: | |
| Tags: |
Tag hinzufügen
Keine Tags, Fügen Sie den ersten Tag hinzu!
|
MARC
| LEADER | 00000nam a2200000 a 4500 | ||
|---|---|---|---|
| 001 | UCK7909 | ||
| 003 | CL-VaPUC | ||
| 005 | 20241024142104.0 | ||
| 008 | 051230e20050000CL |||||||||||||||||spa|d | ||
| 999 | |c 315745 |d 315743 | ||
| 020 | |a 9568442006 | ||
| 040 | |c Pontificia Universidad Católica de Valparaíso | ||
| 082 | 0 | 4 | |a 781.6283 |b CAN |2 21 |
| 245 | 1 | 0 | |a Cancionero Violeta Parra: Virtud de los elementos |
| 250 | |a 2a. ed | ||
| 260 | |a Santiago |b Fundación Violeta Parra |c 2005 | ||
| 300 | |a 194 p | ||
| 583 | |a last modification |c 20051230 00:00:00 |k Rodrigo Vera | ||
| 600 | 0 | |a Parra, Violeta |q (Parra Sandoval, Violeta) |d 1917-1967 |x Biografías |9 880636 | |
| 650 | 7 | |a CANCIONEROS |2 CL-VaPUC |9 497607 | |
| 650 | 0 | |a Música chilena |9 306643 | |
| 650 | 0 | |a Canto a lo humano |9 433764 | |
| 650 | 0 | |a Canto a lo divino |9 433763 | |
| 650 | 0 | |a Partituras |9 324008 | |
| 650 | 0 | |a Compositores chilenos |9 306644 | |
| 942 | |c BK |2 ddc | ||
| 945 | |d 20051230 00:00:00 |a cmena | ||
| 952 | |0 0 |1 0 |2 ddc |4 0 |6 781_628300000000000_CAN_2005 |7 0 |8 A |9 389414 |a BIBEDU |b BIBEDU |c GEN |d 2019-11-22 |i 4196090 |l 13 |o 781.6283 CAN 2005 |p 4196090 |r 2025-04-14 |s 2024-10-02 |w 2019-11-22 |y BK |k MUS | ||
| 952 | |0 0 |1 0 |4 0 |6 781_628300000000000_CAN_2005 |7 0 |8 X |9 389415 |a FDOMLP |b FDOMLP |d 2019-11-22 |i 4183533 |o 781.6283 CAN 2005 |p 4183533 |r 2019-11-22 |w 2019-11-22 |y BK_X |k BU2 | ||